000 00716cam a22002411 4500
001 sa 68004804
003 DLC
005 20260227112504.0
008 940727s1962 ii 000 0 urdo
010 _asa 68004804
025 _aPL480:I-U-1863
035 _a(OCoLC)30838275
040 _aDLC
_cCU
_dCU
_dDLC
042 _apremarc
050 0 0 _aPK2198.B327
_bZ8
100 0 _aSamīnah Shaukat,
_d1936-
245 1 0 _aShikār nāmah-yi Ḥaz̤rat Sayyid Muḥammad Ḥusainī Bandah Navāz Gaisū Darāz.
260 _c1962.
300 _a16, 115 p. (p. 104-115 advertisements)
_c19 cm.
500 _aIn Urdu.
600 0 0 _aBandah Navāz,
_d1321-1422.
700 0 _aBandah Navāz,
_d1321-1422.
_tShikār nāmah.
999 _c80356
_d80356